| 000 | 00580nam a2200217 4500 | ||
|---|---|---|---|
| 001 | 18376 | ||
| 003 | DO-SdUEMH | ||
| 005 | 20260203170252.0 | ||
| 007 | ta | ||
| 008 | 260203b1996 dr |||gr|||| 00| 0 spa d | ||
| 040 |
_aDO-SdUEMH _bspa _erda |
||
| 041 | _aspa | ||
| 082 | 1 | 4 |
_mRD _bR426l |
| 245 | 1 | 0 | _aLeyes vigentes sobre seguros sociales y accidentes de trabajo / |
| 264 | 0 | 1 |
_aSanto Domingo : _c1996 |
| 300 |
_a114 paginas ; _c21 cm. |
||
| 336 |
_2rdacontent _atexto _btxt |
||
| 337 |
_2rdamedia _asin mediación _bn |
||
| 338 |
_2rdacarrier _avolumen _bnc |
||
| 942 |
_2ddc _n0 _cBK |
||
| 999 |
_c18376 _d18376 |
||